| 000 | 00868nam a2200313Ia 4500 | ||
|---|---|---|---|
| 001 | 3650 | ||
| 005 | 20240113233640.0 | ||
| 007 | ta | ||
| 008 | 050601s1997 g b000 u eng u | ||
| 020 | _a0-07-462168-8 | ||
| 040 | _aCotton College,Assam | ||
| 041 | _aeng | ||
| 082 |
_a001.642 _bJa 199 Fo |
||
| 100 | _aJain, R.K. . | ||
| 245 | 0 |
_aFortran 77: With Application to Science and Engineering / _cR.K. Jain & R.P. Suri. _hTextual Documents |
|
| 250 | _a3rd ed. / | ||
| 260 |
_aNew Delhi : _bTata Mcgraw-Hill Publishing Company Ltd , _c1997. |
||
| 300 |
_a269p. ; _c22cm. |
||
| 504 | _aIndex | ||
| 653 | _aMathematics | ||
| 653 | _aComputer Programming | ||
| 653 | _aFortran 77-Engineering | ||
| 653 | _aPG-Mathematics | ||
| 700 | _aSuri, R.P. . | ||
| 942 |
_2ddc _cBK |
||
| 999 |
_c3638 _d3638 |
||